Pokémon by Highest Stat - Statistics

General Stats
  • This quiz has been taken 27 times
  • The average score is 17 of 30
Answer Stats
Hint Answer % Correct
Haxorus Attack
90%
Steelix Defense
90%
Wobbuffet HP
90%
Chandelure Special Attack
86%
Electrode Speed
86%
Chansey HP
81%
Stakataka Defense
76%
Cloyster Defense
76%
Magnezone Special Attack
71%
Vikavolt Special Attack
67%
Regice Special Defense
67%
Greninja Speed
67%
Archeops Attack
62%
Goodra Special Defense
62%
Zeraora Speed
62%
Slaking Attack
57%
Metagross Attack
57%
Weavile Speed
57%
Mantine Special Defense
52%
Amoonguss HP
48%
Empoleon Special Attack
43%
Dragalge Special Defense
43%
Rhyperior Attack
38%
Hatterene Special Attack
38%
Oranguru Special Defense
38%
Marowak Defense
33%
Quagsire HP
33%
Froslass Speed
29%
Pelipper Defense
24%
Throh HP
14%
No matching quizzes found
Score Distribution
Percent of People with Each Score
Percentile by Number Answered
Your Score History
You have not taken this quiz